000 01022nam a2200217Ia 4500
003 Ost
005 20260507075643.0
008 260507s9999||||xx |||||||||||||| ||und||
020 _a2625433977
040 _cfsecg
041 _aara
082 _a657.3
100 _aحمادة، طارق عبد العال
_eمؤلف
245 0 _aالموازنات التقديرية :
_bنظرة متكاملة /
_c طارق عبد العال حمادة
260 _aالإسكندرية:
_bالدارالجامعية,
_c2005
300 _a1216 صفحة؛
_bإيضاحات ؛
_c25 سم
520 _aمقدمة عن الموازنات، العلاقة بين الإستراتيجية المتوازنة والموازنات، تطبيقات الموازنات في بعض الصناعات ، أدوات وتقنيات اعداد الموازنات، إعداد الموازنات الفرعية ، تطبيقات حديثة للموازنات
653 _aالمحاسبة
653 _aالميزانية
942 _cكتاب
999 _c45449
_d45449